| 000 | 01406cad a22002175a 4500 | ||
|---|---|---|---|
| 001 | L140335 | ||
| 008 | 070919e20070917xxk f f000 0 eng d | ||
| 035 | _a(Sirsi) u140335 | ||
| 041 | 0 | _aeng | |
| 110 | 1 |
_aUnited Kingdom _bDepartment for Work and Pensions _95352 |
|
| 245 | 0 | 0 |
_aHain and construction sector vow to cut deaths _h[electronic resource] |
| 260 | _c2007 | ||
| 490 |
_aGNN Press Release _v(151675P) 17 September 2007 |
||
| 520 | _aAnnounces a framework for action to tackle workplace deaths and improve health and safety practices in the construction industry, following the recent 28% increase in construction deaths. Key areas for action include: sharing best practice; improving levels of competence, such as extending the requirement for all site workers to carry a Construction Skills Certification Scheme card; promoting worker involvement in projects; providing site specific planning and induction to those in control of tower crane erection, operation and dismantling; and changing the informal economy in the sector. | ||
| 590 | _aKA NTK | ||
| 651 | 4 |
_aUnited Kingdom _y |
|
| 690 | _aBUILT ENVIRONMENT | ||
| 690 | _aMANAGEMENT-HEALTH AND SAFETY | ||
| 856 | 4 | 0 |
_uhttps://webarchive.nationalarchives.gov.uk/20071204130210/http://dwp.gov.uk/mediacentre/pressreleases/2007/sep/emp038-170907.asp _zView the item free of charge at http://webarchive.nationalarchives.gov.uk |
| 942 | _n0 | ||
| 999 |
_c79252 _d79252 |
||